| 000 | 01929cam a22001934a 4500 | ||
|---|---|---|---|
| 005 | 20250605163312.0 | ||
| 008 | 250528s ||||||||||||||||||||||||d | ||
| 035 | _a16421 | ||
| 020 | _a9602100621 | ||
| 040 |
_aGR-AtMCL _bgre _dGR-AtMCL _eAACR2 |
||
| 245 | 1 | _aΜορφές και Τρόποι Εργασίας στο Νηπιαγωγείο / Β' Έκδοση | |
| 260 |
_bΟδυσσέας, _c1990 |
||
| 300 | _a368 | ||
| 520 | _aΠρόλογος, Εισαγωγή, Η Ανάπτυξη του Παιδιού και η Διαδικασία της Μάθησης στην Προσχολική Εκπαίδευση, Νηπιαγωγείο: Η Διαμόρφωση του Χώρου, Να Διακοσμήσουμε το Νηπιαγωγείο Μαζί με τα Παιδιά και στα Πλαίσια της Αισθητικής Αγωγής, Η Λογοτεχνία στο Νηπιαγωγείο, Η Μουσικοκινητική Αγωγή στο Νηπιαγωγείο, Προσχολική Εκπαίδευση - Κουκλοθέατρο, Δραστηριότητες για την Ανάπτυξη του Προφορικού Λόγου στο Νηπιαγωγείο, Προετοιμασία για τη Γραφή, Κοινωνικές Μελέτες και Δραστηριότητες στο Νηπιαγωγείο, Μια Παράσταση με Κουκλοθέατρο, Η Τελευταία Γιορτή της Τάξης μας, Οι Επιστήμες στο Νηπιαγωγείο, Φυσικές Επιστήμες, Μαθηματικές Εμπειρίες στο Νηπιαγωγείο, Προσχολική Εκπαίδευση σύμφωνα με μια σαφή Διδακτική Μέθοδο: Montessori - Μια Μέθοδος και μια Στάση Ζωής, Βιβλιογραφία. | ||
| 700 | 1 | _aΚουτσουβάνου Ευγενία | |
| 942 | _cBK | ||
| 999 |
_c1922 _d1922 |
||